[Event "Reunion op 17th"]
[Site "St Denis"]
[Date "2015.10.10"]
[Round "6"]
[White "Collet, Jean Daniel"]
[Black "Dijoux, Julien"]
[Result "0-1"]
[WhiteElo "1656"]
[BlackElo "1908"]
[PlyCount "76"]
[EventDate "2015.10.10"]
[EventType "swiss"]
[EventRounds "9"]
[EventCountry "RUF"]
[SourceTitle "CBM 168 Extra"]
[Source "ChessBase"]
[SourceDate "2015.10.29"]
[SourceVersion "1"]
[SourceVersionDate "2015.10.29"]
[SourceQuality "1"]

1. e4 Nf6 2. Nc3 e5 3. Nf3 Bb4 4. Bc4 d6 5. d3 Bg4 6. h3 Bh5 7. Bd2 c6 8. a3 Ba5 9. g4 Bg6 10. Ne2 b5 11. Bb3 Bb6 12. Ng3 Nbd7 13. Nf5 Bxf5 14. gxf5 d5 15. Rg1 Rg8 16. c4 bxc4 17. dxc4 dxe4 18. Ng5 Nc5 19. Qc2 Qd3 20. Qxd3 Nxd3+ 21. Ke2 h6 22. Nxf7 Nc5 23. Ba2 Kxf7 24. b4 Rgd8 25. bxc5 Bxc5 26. Bb4 Bd4 27. Rad1 c5 28. Rxd4 exd4 29. Bxc5 Nh5 30. Rg4 Rab8 31. Rxe4 Rb2+ 32. Kd3 Rxa2 33. Re7+ Kf6 34. Rxa7 Kxf5 35. Rf7+ Kg6 36. Rf3 Rb2 37. Rg3+ Nxg3 38. fxg3 Rb3+ 0-1

[Event "Reunion op 17th"]
[Site "St Denis"]
[Date "2015.10.10"]
[Round "5"]
[White "Leonardy, Baptiste"]
[Black "Collet, Jean Daniel"]
[Result "0-1"]
[WhiteElo "1140"]
[BlackElo "1656"]
[PlyCount "154"]
[EventDate "2015.10.10"]
[EventType "swiss"]
[EventRounds "9"]
[EventCountry "RUF"]
[SourceTitle "CBM 168 Extra"]
[Source "ChessBase"]
[SourceDate "2015.10.29"]
[SourceVersion "1"]
[SourceVersionDate "2015.10.29"]
[SourceQuality "1"]

1. e4 e5 2. Nf3 Nc6 3. Bc4 Bc5 4. d3 d6 5. Nc3 Nf6 6. 0-0 Bg4 7. h3 Bh5 8. Re1 Qd7 9. Bb5 a6 10. Bxc6 Qxc6 11. a3 Qd7 12. Be3 Bxe3 13. Rxe3 c6 14. Qd2 Rg8 15. Nh2 g5 16. f3 Bg6 17. d4 exd4 18. Qxd4 Nh5 19. Ng4 Qe6 20. Nh6 Kf8 21. Nxg8 Kxg8 22. Rd3 Rd8 23. Na4 Nf4 24. Nc5 Ne2+ 25. Kf1 Nxd4 26. Nxe6 Nxe6 27. g3 Ng7 28. c4 f5 29. Re1 fxe4 30. fxe4 Nh5 31. Kg2 d5 32. Rd4 Nf6 33. exd5 cxd5 34. Re6 Kf7 35. cxd5 Nxd5 36. Re5 Kf6 37. Re2 Ne3+ 38. Rxe3 Rxd4 39. Rb3 Ke5 40. Kf2 Be4 41. Ke3 Bd5 42. Rc3 Bc6 43. Rc5+ Rd5 44. Rc4 Rb5 45. b4 Rd5 46. h4 Kf5 47. g4+ Kf6 48. h5 Re5+ 49. Kf2 Re4 50. Rxe4 Bxe4 51. Ke3 Ke5 52. a4 h6 53. b5 axb5 54. axb5 Bd5 55. b6 Bc6 56. Kf2 Kf4 57. Ke2 Bf3+ 58. Kd3 Kxg4 59. Kd4 Kxh5 60. Ke5 g4 61. Kf4 Kh4 62. Ke3 Kg3 63. Kd4 h5 64. Kc5 h4 65. Kd6 h3 66. Kc7 h2 67. Kb8 h1Q 68. Ka7 Kf2 69. Kb8 Qh8+ 70. Kc7 g3 71. Kd6 g2 72. Kc7 g1Q 73. Kd6 Qd1+ 74. Ke6 Qd5+ 75. Ke7 Qhe5+ 76. Kf8 Qf6+ 77. Ke8 Qdd8# 0-1

[Event "Reunion op 17th"]
[Site "St Denis"]
[Date "2015.10.10"]
[Round "9"]
[White "Romain, Arnaud"]
[Black "Collet, Jean Daniel"]
[Result "1-0"]
[WhiteElo "1575"]
[BlackElo "1656"]
[PlyCount "87"]
[EventDate "2015.10.10"]
[EventType "swiss"]
[EventRounds "9"]
[EventCountry "RUF"]
[SourceTitle "CBM 168 Extra"]
[Source "ChessBase"]
[SourceDate "2015.10.29"]
[SourceVersion "1"]
[SourceVersionDate "2015.10.29"]
[SourceQuality "1"]

1. d4 Nf6 2. e3 g6 3. Nf3 Bg7 4. Bd3 d6 5. Nbd2 Nc6 6. a3 Ng4 7. c3 e5 8. d5 Ne7 9. c4 f5 10. e4 0-0 11. Rb1 fxe4 12. Nxe4 Nf6 13. Bg5 Nxe4 14. Bxe4 Qe8 15. 0-0 Qd7 16. Qe2 Nf5 17. Qd2 h6 18. Bxf5 Qxf5 19. Bxh6 Qh5 20. Bxg7 Kxg7 21. Qg5 Qh7 22. Qe7+ Rf7 23. Qxf7+ Kxf7 24. Ng5+ Kg7 25. Nxh7 Kxh7 26. Rbe1 Bf5 27. Re3 Kg7 28. Rc1 b6 29. b4 Kf6 30. f3 g5 31. Kf2 g4 32. fxg4 Bxg4 33. h3 Bh5 34. g4 Bg6 35. Kg3 Rg8 36. h4 e4 37. Kf4 Rf8 38. h5 Bh7 39. g5+ Kg7+ 40. Kg3 Re8 41. Rf1 Rf8 42. Rxf8 Kxf8 43. g6 Bg8 44. Rxe4 1-0

[Event "Reunion op 16th"]
[Site "St Denis"]
[Date "2014.10.25"]
[Round "9"]
[White "Collet, Jean Daniel"]
[Black "Duprey, Francois Xavier"]
[Result "0-1"]
[WhiteElo "1399"]
[BlackElo "1764"]
[PlyCount "76"]
[EventDate "2014.10.18"]
[EventType "swiss"]
[EventRounds "9"]
[EventCountry "RUF"]
[SourceTitle "EXT 2015"]
[Source "ChessBase"]
[SourceDate "2014.11.20"]
[SourceVersion "1"]
[SourceVersionDate "2014.11.20"]
[SourceQuality "1"]

1. e4 c5 2. d4 cxd4 3. c3 dxc3 4. Nxc3 Nc6 5. Nf3 g6 6. Bc4 Bg7 7. 0-0 e6 8. Bg5 Nge7 9. Qd2 a6 10. Bh6 0-0 11. Bxg7 Kxg7 12. h3 Qc7 13. Qg5 b5 14. Bb3 Bb7 15. Rfd1 h6 16. Qe3 Na5 17. Qd4+ f6 18. Bc2 Nec6 19. Qd3 Nb4 20. Qe2 Nc4 21. a3 Nxc2 22. Qxc2 Rac8 23. Nh4 g5 24. Nf3 Ne5 25. Nh2 Qb6 26. Kh1 d5 27. exd5 exd5 28. Qf5 d4 29. Ne4 Qc6 30. Ng4 Nxg4 31. Qxg4 f5 32. Qg3 fxe4 33. Qe5+ Qf6 34. Qg3 Qxf2 35. Qe5+ Qf6 36. Qh2 e3 37. Rf1 Qxf1+ 38. Rxf1 Rxf1+ 0-1

[Event "Reunion op 16th"]
[Site "St Denis"]
[Date "2014.10.20"]
[Round "4"]
[White "Collet, Jean Daniel"]
[Black "Desire, Michael"]
[Result "0-1"]
[WhiteElo "1399"]
[BlackElo "1751"]
[PlyCount "90"]
[EventDate "2014.10.18"]
[EventType "swiss"]
[EventRounds "9"]
[EventCountry "RUF"]
[SourceTitle "EXT 2015"]
[Source "ChessBase"]
[SourceDate "2014.11.20"]
[SourceVersion "1"]
[SourceVersionDate "2014.11.20"]
[SourceQuality "1"]

1. e4 c6 2. d4 d5 3. e5 Bf5 4. Bd3 Bxd3 5. Qxd3 e6 6. Be3 Nd7 7. c3 Ne7 8. f4 c5 9. Nf3 Nc6 10. a3 c4 11. Qc2 g6 12. Nbd2 b5 13. 0-0 Bh6 14. Ng5 0-0 15. Ndf3 Rb8 16. Qf2 a5 17. Qh4 Kg7 18. h3 Bxg5 19. fxg5 Ne7 20. Nh2 Nf5 21. Rxf5 gxf5 22. Qh6+ Kh8 23. h4 Rg8 24. Qh5 Qf8 25. Nf3 Qg7 26. Nh2 Qg6 27. Qe2 Nb6 28. h5 Qg7 29. Nf3 Qf8 30. Bf2 Nd7 31. Qe3 Qg7 32. h6 Qg6 33. Bh4 Qh5 34. Bg3 Qg4 35. Kf2 Qe4 36. Qd2 Nf8 37. Qd1 Ng6 38. Qd2 Qd3 39. Qe1 b4 40. axb4 axb4 41. Ra7 Rgf8 42. cxb4 f4 43. Ng1 Qxd4+ 44. Kf3 Nxe5+ 45. Ke2 fxg3 0-1